|
|
|
|
| LEADER |
00776nam a22002297a 4500 |
| 001 |
AAL2788 |
| 003 |
BD-DhAAL |
| 005 |
20160112142622.0 |
| 008 |
160112b19971965ii ||||| |||| 001 0 eng d |
| 020 |
|
|
|a 8171511686
|
| 020 |
|
|
|a 817151166X
|
| 040 |
|
|
|a BD-DhAAL
|c BD-DhAAL
|
| 082 |
|
|
|a 297/.122
|
| 100 |
|
|
|a Muhajir, Ali Musa Raza
|9 17309
|
| 245 |
|
|
|a Lessons from the stories of the Quran /
|c Ali Musa Raza Muhajir
|
| 260 |
|
|
|a New Delhi :
|b Kitab Bhavan,
|c 1997.
|
| 300 |
|
|
|a xvii, 214 p. ;
|c 23 cm.
|
| 500 |
|
|
|a Includes index.
|
| 650 |
|
|
|a Qurʼan stories.
|9 17310
|
| 942 |
|
|
|2 ddc
|c BK
|
| 999 |
|
|
|c 36589
|d 36589
|
| 952 |
|
|
|0 0
|1 0
|2 ddc
|4 0
|6 297_000000000000000__122_MUH
|7 0
|9 57575
|a SCL
|b SCL
|c GEN
|d 2016-01-12
|l 1
|m 2
|o 297.122 MUH
|p 3020002788
|r 2020-03-10
|s 2020-02-09
|t 1
|w 2016-01-12
|y BK
|